<?xml version="1.0" encoding="UTF-8"?>
<record
    xmlns:xsi="http://www.w3.org/2001/XMLSchema-instance"
    xsi:schemaLocation="http://www.loc.gov/MARC21/slim http://www.loc.gov/standards/marcxml/schema/MARC21slim.xsd"
    xmlns="http://www.loc.gov/MARC21/slim">

  <leader>02031nam a22003257a 4500</leader>
  <controlfield tag="001">4464</controlfield>
  <controlfield tag="003">FISKH</controlfield>
  <controlfield tag="005">20240920114941.0</controlfield>
  <controlfield tag="008">240911b        cb ||||| |||| 00| 0 eng d</controlfield>
  <datafield tag="020" ind1=" " ind2=" ">
    <subfield code="a">9789995000950</subfield>
  </datafield>
  <datafield tag="040" ind1=" " ind2=" ">
    <subfield code="a">FISKH</subfield>
    <subfield code="b">Khmer</subfield>
    <subfield code="c">FISKH</subfield>
    <subfield code="d">FISKH</subfield>
  </datafield>
  <datafield tag="050" ind1=" " ind2=" ">
    <subfield code="a">PZ7</subfield>
  </datafield>
  <datafield tag="082" ind1=" " ind2=" ">
    <subfield code="2">800</subfield>
  </datafield>
  <datafield tag="100" ind1=" " ind2=" ">
    <subfield code="a">Sakal, Ngoun </subfield>
    <subfield code="e">author </subfield>
  </datafield>
  <datafield tag="245" ind1=" " ind2=" ">
    <subfield code="a">&#x179F;&#x17D2;&#x179A;&#x17D2;&#x178F;&#x17B8;&#x1782;&#x17D2;&#x179A;&#x1794;&#x17CB;&#x179B;&#x1780;&#x17D2;&#x1781;&#x178E;&#x17CF;&#x178F;&#x17C6;&#x178E;&#x1791;&#x17B8;&#x1794;&#x17BD;&#x1793; &#x178A;&#x1784;&#x17D2;&#x1780;&#x17BC;&#x179C;&#x179A;&#x17B8;&#x1780;&#x179A;&#x17B6;&#x1799;&#x200B;/</subfield>
    <subfield code="c">by Ngoun , Sakal </subfield>
  </datafield>
  <datafield tag="250" ind1=" " ind2=" ">
    <subfield code="a">&#x1794;&#x17C4;&#x17C7;&#x1796;&#x17BB;&#x1798;&#x17D2;&#x1796;&#x179B;&#x17BE;&#x1780;&#x1791;&#x17B8;&#x17E1;&#x1786;&#x17D2;&#x1793;&#x17B6;&#x17C6;&#x17E2;&#x17E0;&#x17E0;&#x17E9;</subfield>
  </datafield>
  <datafield tag="260" ind1=" " ind2=" ">
    <subfield code="a">&#x1797;&#x17D2;&#x1793;&#x17C6;&#x1796;&#x17C1;&#x1789; :</subfield>
    <subfield code="b">&#x1782;&#x17D2;&#x179A;&#x17BA;&#x17C7;&#x179F;&#x17D2;&#x1790;&#x17B6;&#x1793;&#x1794;&#x17C4;&#x17C7;&#x1796;&#x17BB;&#x1798;&#x17D2;&#x1796;&#x1793;&#x17B7;&#x1784;&#x1785;&#x17C2;&#x1780;&#x1795;&#x17D2;&#x179F;&#x17B6;&#x1799; ;</subfield>
    <subfield code="c">&#x17E2;&#x17E0;&#x17E0;&#x17E9;&#x200B; .</subfield>
  </datafield>
  <datafield tag="300" ind1=" " ind2=" ">
    <subfield code="a">16 pages : </subfield>
    <subfield code="b">color illustrations ;</subfield>
    <subfield code="c">19 cm . </subfield>
  </datafield>
  <datafield tag="490" ind1=" " ind2=" ">
    <subfield code="a">&#x1780;&#x17C6;&#x179A;&#x1784;&#x179A;&#x17BF;&#x1784;&#x1793;&#x17B7;&#x1791;&#x17B6;&#x1793;&#x17A2;&#x1794;&#x17CB;&#x179A;&#x17C6;</subfield>
  </datafield>
  <datafield tag="505" ind1=" " ind2=" ">
    <subfield code="a">M 

</subfield>
  </datafield>
  <datafield tag="520" ind1=" " ind2=" ">
    <subfield code="a">&#x179F;&#x17D2;&#x178F;&#x17D2;&#x179A;&#x17B8;&#x1782;&#x17D2;&#x179A;&#x1794;&#x17CB;&#x179B;&#x1780;&#x17D2;&#x1781;&#x178E;&#x17CF;&#x178F;&#x17C6;&#x178E;&#x1791;&#x17B8;&#x1794;&#x17BD;&#x1793;&#x200B;  : &#x1798;&#x17B6;&#x1793;&#x1794;&#x17D2;&#x178F;&#x17B8;&#x1794;&#x17D2;&#x179A;&#x1796;&#x1793;&#x17D2;&#x1792;&#x1796;&#x17B8;&#x179A;&#x1793;&#x17B6;&#x1780;&#x17CB;&#x179A;&#x179F;&#x17CB;&#x1793;&#x17C5;&#x1780;&#x17D2;&#x1793;&#x17BB;&#x1784;&#x1797;&#x17BC;&#x1798;&#x17B7;&#x1798;&#x17BD;&#x1799; &#x1794;&#x17D2;&#x178F;&#x17B7;&#x1798;&#x17B6;&#x1793;&#x1785;&#x17B7;&#x178F;&#x17D2;&#x178F;&#x179F;&#x1784;&#x17D2;&#x179F;&#x17D0;&#x1799;&#x1790;&#x17B6;&#x1794;&#x17D2;&#x179A;&#x1796;&#x1793;&#x17D2;&#x1792;&#x1798;&#x17B7;&#x1793;&#x179F;&#x17D2;&#x1798;&#x17C4;&#x17C7;&#x1780;&#x17CF;&#x1780;&#x17D2;&#x179B;&#x17C2;&#x1784;&#x1792;&#x17D2;&#x179C;&#x17BE;&#x1787;&#x17B6;&#x179F;&#x17D2;&#x179A;&#x179C;&#x17BA;&#x1784;&#x178A;&#x17BE;&#x1798;&#x17D2;&#x1794;&#x17B8;&#x179F;&#x17B6;&#x1780;&#x1785;&#x17B7;&#x178F;&#x17D2;&#x178F;&#x1793;&#x17B6;&#x1784; &#x17D4; 
&#x178A;&#x1784;&#x17D2;&#x1780;&#x17BC;&#x179C;&#x179A;&#x17B8;&#x1780;&#x179A;&#x17B6;&#x1799; : &#x178A;&#x1784;&#x17D2;&#x1780;&#x17BC;&#x179C;&#x1789;&#x17B8;&#x1793;&#x17B7;&#x1784;&#x1780;&#x1793;&#x17D2;&#x1791;&#x17C6;&#x179A;&#x17BB;&#x1799;&#x179F;&#x1793;&#x17D2;&#x1791;&#x1793;&#x17B6;&#x1782;&#x17D2;&#x1793;&#x17B6;&#x17A2;&#x17C6;&#x1796;&#x17B8;&#x1785;&#x17C6;&#x178E;&#x17B8;&#x17A2;&#x17B6;&#x17A0;&#x17B6;&#x179A;&#x178A;&#x17C2;&#x179B;&#x1796;&#x17BD;&#x1780;&#x179C;&#x17B6;&#x179F;&#x17BB;&#x17B8; &#x17D4;&#x200B;</subfield>
  </datafield>
  <datafield tag="520" ind1=" " ind2=" ">
    <subfield code="a">Perfect Woman Fourth Link: There are two couples living in the same village who suspect that their unfaithful wife is pretending to be drunk to tempt her. 
Happy Worms: Female worms and flies talk to each other about the food they eat.</subfield>
  </datafield>
  <datafield tag="521" ind1="8" ind2=" ">
    <subfield code="a">550 
</subfield>
    <subfield code="b">Lexile estimate 
</subfield>
  </datafield>
  <datafield tag="521" ind1="8" ind2=" ">
    <subfield code="a">M 
</subfield>
    <subfield code="b">Raz-Plus 
</subfield>
  </datafield>
  <datafield tag="650" ind1=" " ind2=" ">
    <subfield code="a">&#x1795;&#x17BA;&#x1780;&#x179F;&#x17D2;&#x179A;&#x17B6;&#x200B;</subfield>
    <subfield code="v">&#x179A;&#x17BF;&#x1784;&#x1794;&#x17D2;&#x179A;&#x178C;&#x17B7;&#x178F;</subfield>
  </datafield>
  <datafield tag="650" ind1=" " ind2=" ">
    <subfield code="a">drink beer </subfield>
    <subfield code="v">fiction </subfield>
  </datafield>
  <datafield tag="700" ind1=" " ind2=" ">
    <subfield code="a">Bopha, Om </subfield>
    <subfield code="e">illustrator </subfield>
  </datafield>
  <datafield tag="942" ind1=" " ind2=" ">
    <subfield code="2">ddc</subfield>
    <subfield code="c">KHB</subfield>
    <subfield code="n">0</subfield>
  </datafield>
  <datafield tag="999" ind1=" " ind2=" ">
    <subfield code="c">4464</subfield>
    <subfield code="d">4464</subfield>
  </datafield>
  <datafield tag="952" ind1=" " ind2=" ">
    <subfield code="0">0</subfield>
    <subfield code="1">0</subfield>
    <subfield code="2">ddc</subfield>
    <subfield code="4">0</subfield>
    <subfield code="7">0</subfield>
    <subfield code="8">KH</subfield>
    <subfield code="a">002</subfield>
    <subfield code="b">002</subfield>
    <subfield code="c">TTP Khmer</subfield>
    <subfield code="d">2024-09-11</subfield>
    <subfield code="l">0</subfield>
    <subfield code="o">SAK PZ7 800</subfield>
    <subfield code="p">FIS04320</subfield>
    <subfield code="r">2025-09-19 13:58:00</subfield>
    <subfield code="t">1</subfield>
    <subfield code="w">2024-09-11</subfield>
    <subfield code="y">KHB</subfield>
  </datafield>
  <datafield tag="952" ind1=" " ind2=" ">
    <subfield code="0">0</subfield>
    <subfield code="1">0</subfield>
    <subfield code="2">ddc</subfield>
    <subfield code="4">0</subfield>
    <subfield code="7">0</subfield>
    <subfield code="8">KH</subfield>
    <subfield code="a">002</subfield>
    <subfield code="b">002</subfield>
    <subfield code="c">TTP Khmer</subfield>
    <subfield code="d">2024-09-11</subfield>
    <subfield code="l">0</subfield>
    <subfield code="o">SAK PZ7 800</subfield>
    <subfield code="p">FIS04184</subfield>
    <subfield code="r">2024-09-25 15:22:00</subfield>
    <subfield code="t">2</subfield>
    <subfield code="w">2024-09-11</subfield>
    <subfield code="y">KHB</subfield>
  </datafield>
  <datafield tag="952" ind1=" " ind2=" ">
    <subfield code="0">0</subfield>
    <subfield code="1">0</subfield>
    <subfield code="2">ddc</subfield>
    <subfield code="4">0</subfield>
    <subfield code="7">0</subfield>
    <subfield code="8">KH</subfield>
    <subfield code="a">002</subfield>
    <subfield code="b">002</subfield>
    <subfield code="c">TTP Khmer</subfield>
    <subfield code="d">2025-12-11</subfield>
    <subfield code="l">0</subfield>
    <subfield code="o">SAK PZ7 800</subfield>
    <subfield code="p">FIS04203</subfield>
    <subfield code="r">2025-12-11 11:28:49</subfield>
    <subfield code="t">3</subfield>
    <subfield code="w">2025-12-11</subfield>
    <subfield code="y">KHB</subfield>
  </datafield>
</record>
